Statistiken für US Staat nach Flagge #1

Klicken Sie hier um das Quiz zu spielen!

Allgemein

  • Dieses Quiz wurde 54 mal gespielt
  • Das Durchschnittsergebnis liegt bei 8 aus 10

Antwortstatistiken

Antwort% Korrekt
Oklahoma
96%
Kalifornien
94%
Washington
92%
Texas
90%
Florida
80%
Indiana
78%
Alabama
66%
Colorado
66%
Hawaii
60%
Ohio
58%

Verteilung der Resultate

Perzentil nach korrekt beantworteten Fragen

Anzahl Personen mit jedem Resultat

Ihre Resultats-Entwicklung

Sie haben dieses Quiz noch nicht gespielt